| 000 | 00469nam a22001337a 4500 | ||
|---|---|---|---|
| 005 | 20241023100118.0 | ||
| 008 | 241023b |||||||| |||| 00| 0 eng d | ||
| 100 |
_aDatu, Dino. _eauthor. _963385 |
||
| 245 |
_aEat's a feat : _buntold morsels from my iphone / _cDino Datu. |
||
| 260 |
_aPhilippines; _bPhilippine Graphic Publishing Inc., _cFebruary 2020. |
||
| 300 |
_aVolume 20, pages 48-57, _billustration. |
||
| 700 |
_aDatu, Dino. _eauthor. _963386 |
||
| 942 |
_2ddc _cPER |
||
| 999 |
_c22852 _d22852 |
||